Statistics for 常磐自動車道が通過する市区町村

Click here to take the quiz!

General Stats

  • This quiz has been taken 19 times
  • The average score is 37 of 44

Answer Stats

Answer% Correct
水戸市水戸IC・水戸北IC・水戸北スマートIC
100%
日立市日立中央IC・日立北IC
100%
日立市日立南太田IC
100%
日立市
100%
つくば市谷田部IC・つくばJCT・谷田部東PA
100%
つくば市桜土浦IC
100%
つくば市
100%
つくば市
100%
土浦市土浦北IC
94%
かすみがうら市千代田PA・千代田石岡IC
94%
土浦市
94%
土浦市
94%
土浦市
94%
いわき市いわき勿来IC・いわき湯本IC・湯ノ岳PA・いわきJCT・いわき中央IC・四倉PA
いわき四倉IC
89%
北茨城市中郷SA・北茨城IC・関本PA
89%
三郷市三郷JCT・三郷IC・三郷料金所スマートIC
89%
柏市柏IC
89%
流山市流山IC
89%
柏市
89%
流山市
89%
つくばみらい市谷和原IC
83%
双葉町常盤双葉IC
83%
守谷市守谷SA
83%
浪江町浪江IC
78%
石岡市石岡小美玉スマートIC
78%
常陸太田市
78%
高萩市高萩IC
78%
常陸太田市
78%
那珂市那珂IC
78%
小美玉市
78%
小美玉市美野里PA
78%
石岡市
78%
大熊町大熊IC
72%
相馬市相馬IC
72%
南相馬市南相馬IC・南相馬鹿島SA
72%
富岡町常盤富岡IC
72%
東海村東海PA
72%
広野町広野IC
72%
笠間市岩間IC・友部SA・友部JCT
72%
吉川市
72%
楢葉町ならはスマートIC
67%
新地町新地IC
67%
山元町山元南スマートIC・山元IC
67%
亘理町鳥の海PA・亘理IC
67%

Score Distribution

Percentile by Number Answered

Percent of People with Each Score

Your Score History

You have not taken this quiz